Going Pro Quiz Stats

 Plays Quiz Updated Jan 4, 2019

     
Support Sporcle.
Go Orange.
Score 0/15 Timer 03:00
0 Plays Today
Clue Guess % Correct
To cover or shield from danger or injuryProtect
81.6%
Your job or careerProfession
77.6%
The number resulting from the multiplication of two or more numbersProduct
66.9%
To put off till tomorrow, to postpone, to delay; to be dilatoryProcrastinate
65.2%
To move, pass, or go forward or onwardProceed
53.5%
Conductor of a legal case against a defendant in courtProsecutor
51.6%
To make a declaration; to utter an opinion; to speak with confidence; to professPronounce
47.3%
Foul or offensiveProfane
34.2%
Clue Guess % Correct
The lowest and poorest class in the State; the working classProletariat
33%
Something extraordinary, or out of the usual course of natureProdigy
28.5%
The right or jurisdiction of proving willsProbate
22%
To contribute to the growth, enlargement, or prosperity ofPromote
16.5%
Corresponding in size or amount to something elseProportional
12%
To scrutinize or examine thoroughlyProbe
8.9%
Inclination, propensity, or tendencyProclivity
8.1%
Remove Ads.
Support Sporcle.
Get the best of Sporcle when you Go Orange. This ad-free experience offers more features, more stats, and more fun while also helping to support Sporcle. Thank you for becoming a member.

Show Comments

Extras

Top Quizzes Today


Score Distribution

Your Account Isn't Verified!

In order to create a playlist on Sporcle, you need to verify the email address you used during registration. Go to your Sporcle Settings to finish the process.

Report this User

Report this user for behavior that violates our Community Guidelines.

Details: